000 00872nam0a2200277 4500
001 RU\NLR\BIBL_A\010923744
005 20250624202054.0
010 _a978-5-94529-054-9
021 _aRU
_b2015-92081
_95676
035 _a(NLR Aleph) 010923744
090 _a10689473
_c10689473
100 _a20151211d2015 |||y0rusy50 ca
101 1 _aeng
_cyid
102 _aRU
105 _aac z 000gy
200 1 _aThe heap
_e[poems]
_fPeretz Markish
_g[transl. from the Yiddish: Dr. Barnett Zumoff]
210 _aOrenburg
_cОренбургская книга
_d2015
215 _a51 c
_cил., портр.
_d29
686 2 _aШ6(2=Е)7-5
700 1 _aMarkiš
_bP.D.
_f1895-1952
_gPerec Davidovič
702 1 _aZumoff
_bB.
_gBarnett
_4730
942 _cBOOK
980 _aNB